Loading...
Auditory Arts | 4 | 22.50 | 100% | 100% | 25% |
Beliefs | 7 | 14.29 | 100% | 43% | 0% |
Current Events | 3 | 20.00 | 100% | 100% | 0% |
Fine Arts - Other Arts | 6 | 16.67 | 83% | 50% | 33% |
History - American History | 4 | 22.50 | 100% | 100% | 25% |
History - Ancient History | 3 | 20.00 | 100% | 100% | 0% |
History - European History | 5 | 12.00 | 100% | 0% | 20% |
History - Other History | 2 | 15.00 | 50% | 100% | 0% |
History - World History | 4 | 15.00 | 100% | 50% | 0% |
Literature - American Literature | 4 | 17.50 | 100% | 75% | 0% |
Literature - British Literature | 7 | 14.29 | 100% | 29% | 14% |
Literature - European Literature | 5 | 18.00 | 100% | 60% | 20% |
Literature - World Literature | 6 | 18.33 | 100% | 50% | 33% |
Philosophy | 6 | 15.00 | 83% | 67% | 0% |
Science - Biology | 7 | 18.57 | 100% | 57% | 29% |
Science - Chemistry | 10 | 17.00 | 90% | 60% | 20% |
Science - Other Science | 7 | 24.29 | 100% | 100% | 43% |
Science - Physics | 4 | 20.00 | 100% | 75% | 25% |
Social Science | 3 | 16.67 | 100% | 67% | 0% |
Visual Arts | 3 | 23.33 | 100% | 100% | 33% |